| 000 | 01020cad a22001935a 4500 | ||
|---|---|---|---|
| 001 | E151678 | ||
| 008 | 101130s2010 xxkad f s 000 0 eng d | ||
| 035 | _a(Sirsi) u151678 | ||
| 041 | 0 | _aeng | |
| 110 | 2 |
_aGVA Grimley _93646 |
|
| 245 | 0 | 0 |
_aOverview of the UK primary care property sector _bOctober 2010 _h[electronic resource] |
| 260 |
_aLondon _bGVA Grimley _c2010 |
||
| 520 | _aLooks at the NHS estate and evaluates the primary care property sector as an investment class. Discusses private sector investment in the NHS hospital estate in the form of joint venture asset backed opportunities, and highlights aspects of NHS policy and models of ownership in the healthcare sector. | ||
| 590 | _aKA NTK | ||
| 651 | 4 |
_aUnited Kingdom _y |
|
| 690 | _aPROPERTY-OTHER PROPERTY TYPES-HEALTHCARE AND WELFARE PROPERTY | ||
| 856 | 4 | 0 |
_uhttps://www.gvagrimley.co.uk/Documents/publications/research/misc/OverviewofUKPrimaryCarePropertySectorAMENDED.pdf _zView this report free of charge at www.gvagrimley.co.uk... |
| 942 | _n0 | ||
| 999 |
_c111531 _d111531 |
||